[Event "Bayview Games Club #107"]
[Site "Toronto CAN"]
[Date "2007.08.20"]
[Round "5"]
[White "Kurkowski, Ken"]
[Black "Armstrong, Robert J"]
[Result "1/2-1/2"]
[WhiteElo "1781"]
[BlackElo "1808"]
[PlyCount "51"]
[GameId "2160767910580179"]
[EventDate "2007.07.23"]
[EventType "tourn"]
[EventRounds "7"]
[EventCountry "CAN"]
[SourceTitle "EXT 2022"]
[Source "ChessBase"]
[SourceDate "2021.10.06"]
[SourceVersion "1"]
[SourceVersionDate "2021.10.06"]
[SourceQuality "1"]

1. d4 g6 2. c4 Bg7 3. Nc3 d6 4. c5 Nf6 5. Nf3 O-O 6. d5 e5 7. Bg5 Bg4 8. h3 Bxf3 9. a3 dxc5 10. Rb1 a5 11. Be3 a4 12. Bxc5 Qe7 13. Qc2 Ne4 14. Be3 Nf6 15. Qd2 c5 16. Bh6 Ne8 17. Qg5 f6 18. Qe3 Bxh6 19. Qxh6 Qc7 20. Qf4 h6 21. b4 b5 22. Qg3 Kh8 23. Ra1 Qa5 24. Rb1 Qa7 25. Nxb5 Qa5 26. Nd4 1/2-1/2

[Event "Bayview Games Club #107"]
[Site "Toronto CAN"]
[Date "2007.08.20"]
[Round "5"]
[White "Verde, Pino"]
[Black "Maguire, Jack"]
[Result "1-0"]
[WhiteElo "1652"]
[BlackElo "1435"]
[PlyCount "59"]
[GameId "2160767910580180"]
[EventDate "2007.07.23"]
[EventType "tourn"]
[EventRounds "7"]
[EventCountry "CAN"]
[SourceTitle "EXT 2022"]
[Source "ChessBase"]
[SourceDate "2021.10.06"]
[SourceVersion "1"]
[SourceVersionDate "2021.10.06"]
[SourceQuality "1"]

1. e4 d5 2. exd5 Nf6 3. Bb5+ Bd7 4. Bxd7+ Qxd7 5. c4 c6 6. Nf3 cxd5 7. cxd5 Nxd5 8. d4 Nc6 9. Nc3 Nxc3 10. bxc3 e6 11. Bf4 Bd6 12. Qd2 Bxf4 13. Qxf4 O-O 14. O-O Ne7 15. Ne5 Qd6 16. c4 f6 17. Nd3 Qxf4 18. Nxf4 Kf7 19. Rfe1 Nf5 20. Nxe6 Rfe8 21. d5 Rac8 22. g4 Nh6 23. Re4 Re7 24. Rae1 Rce8 25. h3 Ng8 26. f4 b6 27. f5 g6 28. d6 gxf5 29. gxf5 Rd7 30. Rg4 1-0

[Event "Bayview Games Club #107"]
[Site "Toronto CAN"]
[Date "2007.09.10"]
[Round "7"]
[White "Moran-Venegas, Mario"]
[Black "Kurkowski, Ken"]
[Result "1/2-1/2"]
[WhiteElo "1703"]
[BlackElo "1781"]
[PlyCount "92"]
[GameId "2160767910580181"]
[EventDate "2007.07.23"]
[EventType "tourn"]
[EventRounds "7"]
[EventCountry "CAN"]
[SourceTitle "EXT 2022"]
[Source "ChessBase"]
[SourceDate "2021.10.06"]
[SourceVersion "1"]
[SourceVersionDate "2021.10.06"]
[SourceQuality "1"]

1. e4 d6 2. d4 Nf6 3. Nc3 g6 4. Nf3 Bg7 5. Be2 O-O 6. O-O c6 7. Be3 b5 8. a3 Nbd7 9. Rb1 e5 10. dxe5 dxe5 11. Nd2 a6 12. Nb3 Qc7 13. Qc1 Bb7 14. Nc5 Nxc5 15. Bxc5 Rfd8 16. Rd1 Bf8 17. Bxf8 Kxf8 18. Qg5 Kg7 19. Rd3 Rd4 20. Rbd1 c5 21. f3 Rad8 22. Qc1 Rxd3 23. Rxd3 Rxd3 24. cxd3 Qd6 25. g3 Nd7 26. Kg2 Nf8 27. f4 exf4 28. Qxf4 Qxf4 29. gxf4 Ne6 30. Kg3 Nd4 31. Bd1 h5 32. Ne2 Nxe2+ 33. Bxe2 Bc6 34. Kf3 Kf6 35. Ke3 Ke6 36. Bf3 Bb7 37. f5+ Ke5 38. fxg6 fxg6 39. h4 Bc8 40. Bd1 Be6 41. a4 b4 42. a5 b3 43. Be2 Bc8 44. Bf1 Be6 45. Kf3 Bg4+ 46. Kg3 Bc8 1/2-1/2

[Event "Bayview Games Club #108"]
[Site "Toronto CAN"]
[Date "2007.09.17"]
[Round "1"]
[White "Magnan, Mike"]
[Black "Armstrong, Robert J"]
[Result "1-0"]
[WhiteElo "1911"]
[BlackElo "1771"]
[PlyCount "91"]
[GameId "2160767910579103"]
[EventDate "2007.09.17"]
[EventType "tourn"]
[EventRounds "5"]
[EventCountry "CAN"]
[SourceTitle "EXT 2022"]
[Source "ChessBase"]
[SourceDate "2021.10.06"]
[SourceVersion "1"]
[SourceVersionDate "2021.10.06"]
[SourceQuality "1"]

1. e4 g6 2. Nc3 Bg7 3. Bc4 d6 4. f4 Nf6 5. Nf3 O-O 6. d3 c5 7. O-O a6 8. a4 Nc6 9. Qe1 Rb8 10. Qh4 Na5 11. Ba2 b5 12. axb5 axb5 13. f5 gxf5 14. Bh6 c4 15. Nd5 Ne8 16. Nxe7+ Qxe7 17. Qxe7 Bxh6 18. Qh4 Be3+ 19. Kh1 fxe4 20. Ng5 Bxg5 21. Qxg5+ Kh8 22. dxe4 Be6 23. Rf3 Rg8 24. Qe3 Nc6 25. Raf1 Ne5 26. Rg3 Ng7 27. Qh6 Ng4 28. Qh4 Ne5 29. Rf6 Ng6 30. Rgxg6 fxg6 31. Rxg6 Rgf8 32. h3 Rf1+ 33. Kh2 Rbf8 34. Rh6 Bg8 35. Rxd6 Ra1 36. Ra6 Rff1 37. Ra7 Rf7 38. Ra8 Raf1 39. Qd8 Rf8 40. Qxf8 Rxf8 41. Rxf8 Ne6 42. Rb8 Nc5 43. Rxb5 Nxe4 44. Rb8 Kg7 45. Rxg8+ Kxg8 46. Bxc4+ 1-0

[Event "Bayview Games Club #108"]
[Site "Toronto CAN"]
[Date "2007.09.17"]
[Round "1"]
[White "Shah, Omar"]
[Black "Kurkowski, Ken"]
[Result "1-0"]
[WhiteElo "1900"]
[BlackElo "1793"]
[PlyCount "57"]
[GameId "2160767910579104"]
[EventDate "2007.09.17"]
[EventType "tourn"]
[EventRounds "5"]
[EventCountry "CAN"]
[SourceTitle "EXT 2022"]
[Source "ChessBase"]
[SourceDate "2021.10.06"]
[SourceVersion "1"]
[SourceVersionDate "2021.10.06"]
[SourceQuality "1"]

1. e4 d6 2. d4 Nf6 3. Nc3 g6 4. Be3 Bg7 5. Qd2 c6 6. Bd3 Nbd7 7. O-O-O e5 8. Nf3 Ng4 9. Bg5 Qc7 10. d5 f6 11. h3 Nxf2 12. Qxf2 fxg5 13. Nxg5 Nf6 14. dxc6 bxc6 15. Bc4 Rf8 16. Qh4 h6 17. Ne6 Bxe6 18. Bxe6 Rd8 19. Qg3 g5 20. Rhf1 Qb7 21. Rf5 Qb4 22. Qd3 d5 23. exd5 Nxd5 24. Rxf8+ Qxf8 25. Qg6+ Ke7 26. Bxd5 cxd5 27. Nxd5+ Kd7 28. Nb4+ Kc7 29. Qc6+ 1-0

[Event "Bayview Games Club #108"]
[Site "Toronto CAN"]
[Date "2007.09.24"]
[Round "2"]
[White "Armstrong, Robert J"]
[Black "Kurkowski, Ken"]
[Result "1-0"]
[WhiteElo "1771"]
[BlackElo "1793"]
[PlyCount "93"]
[GameId "2160767910579105"]
[EventDate "2007.09.17"]
[EventType "tourn"]
[EventRounds "5"]
[EventCountry "CAN"]
[SourceTitle "EXT 2022"]
[Source "ChessBase"]
[SourceDate "2021.10.06"]
[SourceVersion "1"]
[SourceVersionDate "2021.10.06"]
[SourceQuality "1"]

1. d4 Nf6 2. c4 g6 3. Nc3 Bg7 4. e4 d6 5. f3 O-O 6. Be3 c5 7. Nge2 Nc6 8. dxc5 dxc5 9. Qxd8 Rxd8 10. Bxc5 Nd7 11. Ba3 Nde5 12. Nf4 e6 13. Rc1 a6 14. h4 Rb8 15. c5 b5 16. cxb6 Rxb6 17. Na4 Rb8 18. Bc5 Nb4 19. a3 Nbd3+ 20. Nxd3 Nxd3+ 21. Bxd3 Rxd3 22. Ba7 Ra8 23. Nb6 Rxa7 24. Rxc8+ Bf8 25. Ke2 Rb3 26. Nc4 Rab7 27. Rd1 Rb8 28. Rdd8 Rxc8 29. Rxc8 Kg7 30. Ra8 Bc5 31. Kd2 Bf2 32. h5 gxh5 33. Rxa6 Rb5 34. Ra5 Rxa5 35. Nxa5 Kf6 36. Nc6 e5 37. Kd3 Ke6 38. Kc4 Kd6 39. Kb5 f6 40. a4 Kc7 41. a5 Kb7 42. a6+ Ka8 43. Kc4 Be3 44. Kd5 Bf2 45. b4 Be3 46. b5 Bb6 47. Ke6 1-0

[Event "Bayview Games Club #108"]
[Site "Toronto CAN"]
[Date "2007.10.01"]
[Round "3"]
[White "Kurkowski, Ken"]
[Black "Villalobos, Oscar"]
[Result "0-1"]
[WhiteElo "1793"]
[BlackElo "1790"]
[PlyCount "64"]
[GameId "2160767910579106"]
[EventDate "2007.09.17"]
[EventType "tourn"]
[EventRounds "5"]
[EventCountry "CAN"]
[SourceTitle "EXT 2022"]
[Source "ChessBase"]
[SourceDate "2021.10.06"]
[SourceVersion "1"]
[SourceVersionDate "2021.10.06"]
[SourceQuality "1"]

1. d4 Nf6 2. c4 g6 3. Nc3 Bg7 4. e4 d6 5. Nf3 Nc6 6. Be2 O-O 7. O-O e5 8. d5 Ne7 9. b4 Nd7 10. Ba3 f5 11. c5 Nf6 12. Nd2 Rf7 13. f3 f4 14. Nc4 Bf8 15. cxd6 cxd6 16. b5 Ne8 17. Nxe5 dxe5 18. d6 Nf5 19. exf5 Rxf5 20. Bc4+ Kh8 21. Qd5 Nf6 22. Qd3 Rh5 23. Rad1 Bf5 24. Ne4 g5 25. Bb2 Bxe4 26. fxe4 Ng4 27. Qd5 Bg7 28. h3 Ne3 29. Qe6 Rh6 30. Qe7 Nxc4 31. Bc1 Rxd6 32. Qxd8+ Raxd8 0-1

[Event "Bayview Games Club #108"]
[Site "Toronto CAN"]
[Date "2007.10.01"]
[Round "3"]
[White "Moran-Venegas, Mario"]
[Black "Armstrong, Robert J"]
[Result "1/2-1/2"]
[WhiteElo "1703"]
[BlackElo "1771"]
[PlyCount "118"]
[GameId "2160767910579107"]
[EventDate "2007.09.17"]
[EventType "tourn"]
[EventRounds "5"]
[EventCountry "CAN"]
[SourceTitle "EXT 2022"]
[Source "ChessBase"]
[SourceDate "2021.10.06"]
[SourceVersion "1"]
[SourceVersionDate "2021.10.06"]
[SourceQuality "1"]

1. e4 g6 2. Nf3 Bg7 3. d4 d6 4. c4 Nf6 5. Nc3 O-O 6. Be2 Nc6 7. Be3 Ng4 8. Bf4 e5 9. dxe5 Ngxe5 10. Nxe5 Nxe5 11. Qc2 Be6 12. Nd5 c6 13. Ne3 Qa5+ 14. Kf1 Rac8 15. a3 d5 16. b4 Qd8 17. Rd1 d4 18. c5 g5 19. Bg3 Nd7 20. Nf5 Bxf5 21. exf5 h6 22. h4 Re8 23. hxg5 hxg5 24. f6 Nxf6 25. Bd3 Qd5 26. Bh7+ Kf8 27. Bd6+ Re7 28. Re1 Rcc7 29. Qe2 Qe6 30. Qxe6 fxe6 31. Rxe6 Kf7 32. Rxe7+ Rxe7 33. Bxe7 Kxe7 34. Bd3 Ke6 35. Ke2 Kd5 36. g3 b6 37. cxb6 axb6 38. a4 Bf8 39. Rb1 c5 40. bxc5 Bxc5 41. Rb5 Ne8 42. a5 bxa5 43. Rxa5 Ng7 44. Kf3 Kc6 45. Kg4 Be7 46. Ra7 Kd6 47. Rxe7 Kxe7 48. Kxg5 Kd6 49. Kg6 Ne6 50. f4 Nc5 51. Bc2 d3 52. Bd1 Ne4 53. f5 Ke7 54. g4 Nf2 55. f6+ Kf8 56. Bf3 d2 57. f7 d1=Q 58. Bxd1 Nxd1 59. Kf6 Nf2 1/2-1/2

[Event "Bayview Games Club #108"]
[Site "Toronto CAN"]
[Date "2007.10.15"]
[Round "4"]
[White "Armstrong, Robert J"]
[Black "Villalobos, Oscar"]
[Result "1/2-1/2"]
[WhiteElo "1771"]
[BlackElo "1760"]
[PlyCount "79"]
[GameId "2160767910579108"]
[EventDate "2007.09.17"]
[EventType "tourn"]
[EventRounds "5"]
[EventCountry "CAN"]
[SourceTitle "EXT 2022"]
[Source "ChessBase"]
[SourceDate "2021.10.06"]
[SourceVersion "1"]
[SourceVersionDate "2021.10.06"]
[SourceQuality "1"]

1. d4 Nf6 2. c4 g6 3. Nc3 Bg7 4. e4 d6 5. f3 O-O 6. Be3 c5 7. dxc5 dxc5 8. Qxd8 Rxd8 9. Bxc5 Nc6 10. Nd5 Nd7 11. Nxe7+ Nxe7 12. Bxe7 Bxb2 13. Bxd8 Bxa1 14. Bc7 Ne5 15. f4 Nc6 16. Bd6 Be6 17. a4 Rd8 18. c5 Bb3 19. Bb5 Na5 20. Ke2 a6 21. Bd3 Bc3 22. Nf3 Bxa4 23. Rc1 Bb4 24. Ra1 b5 25. cxb6 Rxd6 26. Rxa4 Rxb6 27. Bxa6 Nb3 28. Bc4 Nc5 29. Ra7 Nxe4 30. Rxf7 Nd6 31. Rc7+ Nxc4 32. Rxc4 Bd6 33. h3 Rb2+ 34. Nd2 Kf7 35. g4 Ra2 36. Rd4 Ke6 37. f5+ gxf5 38. gxf5+ Ke5 39. Rd3 Bb4 40. Ke3 1/2-1/2

[Event "Bayview Games Club #108"]
[Site "Toronto CAN"]
[Date "2007.10.15"]
[Round "4"]
[White "Magnan, Mike"]
[Black "Kurkowski, Ken"]
[Result "1-0"]
[WhiteElo "1900"]
[BlackElo "1793"]
[PlyCount "51"]
[GameId "2160767910579109"]
[EventDate "2007.09.17"]
[EventType "tourn"]
[EventRounds "5"]
[EventCountry "CAN"]
[SourceTitle "EXT 2022"]
[Source "ChessBase"]
[SourceDate "2021.10.06"]
[SourceVersion "1"]
[SourceVersionDate "2021.10.06"]
[SourceQuality "1"]

1. e4 d6 2. Nc3 Nf6 3. f4 g6 4. Nf3 Bg7 5. d4 O-O 6. Bd3 c5 7. O-O Bg4 8. d5 Nbd7 9. Qe1 Bxf3 10. Rxf3 a6 11. a4 Qc7 12. Qh4 Rab8 13. a5 c4 14. Be2 Nc5 15. Rh3 h5 16. Bf3 Qd7 17. e5 dxe5 18. fxe5 Nh7 19. Bxh5 Qf5 20. Bg4 g5 21. Bxg5 Nxg5 22. Bxf5 Nxh3+ 23. Qxh3 Rfd8 24. Rf1 Bxe5 25. Qh7+ Kf8 26. Bg6 1-0

[Event "Bayview Games Club #108"]
[Site "Toronto CAN"]
[Date "2007.10.22"]
[Round "5"]
[White "Kurkowski, Ken"]
[Black "Moran-Venegas, Mario"]
[Result "1/2-1/2"]
[WhiteElo "1793"]
[BlackElo "1703"]
[PlyCount "44"]
[GameId "2160767910579110"]
[EventDate "2007.09.17"]
[EventType "tourn"]
[EventRounds "5"]
[EventCountry "CAN"]
[SourceTitle "EXT 2022"]
[Source "ChessBase"]
[SourceDate "2021.10.06"]
[SourceVersion "1"]
[SourceVersionDate "2021.10.06"]
[SourceQuality "1"]

1. c4 e5 2. g3 Nf6 3. Bg2 Nc6 4. Nc3 Bb4 5. d3 d5 6. cxd5 Nxd5 7. Bd2 Be6 8. Nf3 O-O 9. O-O Bc5 10. Rc1 Nxc3 11. Bxc3 f6 12. a3 Qc8 13. Qc2 Bb6 14. Rfd1 Nd4 15. Nxd4 exd4 16. Bd2 Re8 17. Bf4 c6 18. h4 Qd7 19. b4 Bd5 20. Re1 Re7 21. Bxd5+ Qxd5 22. Qc4 Rd8 1/2-1/2

[Event "Bayview Games Club #108"]
[Site "Toronto CAN"]
[Date "2007.10.22"]
[Round "5"]
[White "Villalobos, Oscar"]
[Black "Magnan, Mike"]
[Result "1-0"]
[WhiteElo "1760"]
[BlackElo "1935"]
[PlyCount "63"]
[GameId "2160767910579111"]
[EventDate "2007.09.17"]
[EventType "tourn"]
[EventRounds "5"]
[EventCountry "CAN"]
[SourceTitle "EXT 2022"]
[Source "ChessBase"]
[SourceDate "2021.10.06"]
[SourceVersion "1"]
[SourceVersionDate "2021.10.06"]
[SourceQuality "1"]

1. e4 d5 2. exd5 Qxd5 3. Nc3 Qa5 4. d4 Nf6 5. Bd2 c6 6. Bc4 Bg4 7. f3 Bh5 8. Nd5 Qd8 9. Nxf6+ exf6 10. Qe2+ Qe7 11. Be3 Nd7 12. O-O-O Nb6 13. Bb3 Nd5 14. Bxd5 cxd5 15. Nh3 g5 16. Rhe1 O-O-O 17. Qb5 Qd7 18. Qa5 Kb8 19. Nxg5 fxg5 20. Bxg5 Rc8 21. Re5 Bg6 22. c3 Bc5 23. dxc5 Rhe8 24. Rexd5 Qe6 25. Qb4 Qe2 26. R5d2 Qe6 27. Rd7 Qc6 28. R1d6 Rc7 29. Rxc6 Rxd7 30. Rd6 Re1+ 31. Kd2 Rde7 32. Bxe7 1-0

[Event "Bayview Games Club #110"]
[Site "Toronto CAN"]
[Date "2007.11.05"]
[Round "1"]
[White "Bokhout, Peter"]
[Black "Armstrong, Robert J"]
[Result "1-0"]
[WhiteElo "2036"]
[BlackElo "1818"]
[PlyCount "43"]
[GameId "2160767910574444"]
[EventDate "2007.11.05"]
[EventType "tourn"]
[EventRounds "6"]
[EventCountry "CAN"]
[SourceTitle "EXT 2022"]
[Source "ChessBase"]
[SourceDate "2021.10.06"]
[SourceVersion "1"]
[SourceVersionDate "2021.10.06"]
[SourceQuality "1"]

1. d4 g6 2. c4 Bg7 3. Nc3 Nf6 4. e4 d6 5. Be2 O-O 6. Nf3 Nfd7 7. O-O c5 8. d5 Ne5 9. Nxe5 Bxe5 10. Be3 f5 11. f3 f4 12. Bf2 g5 13. Qd2 Qe8 14. Rab1 Qh5 15. b4 Rf6 16. bxc5 Rh6 17. Rfc1 Qxh2+ 18. Kf1 Qh1+ 19. Bg1 Bd4 20. Qxd4 Rh2 21. Ke1 Qxg2 22. Bxh2 1-0

[Event "Bayview Games Club #110"]
[Site "Toronto CAN"]
[Date "2007.11.05"]
[Round "1"]
[White "Ferreira, Alex"]
[Black "Kurkowski, Ken"]
[Result "1-0"]
[WhiteElo "1945"]
[BlackElo "1793"]
[PlyCount "95"]
[GameId "2160767910574445"]
[EventDate "2007.11.05"]
[EventType "tourn"]
[EventRounds "6"]
[EventCountry "CAN"]
[SourceTitle "EXT 2022"]
[Source "ChessBase"]
[SourceDate "2021.10.06"]
[SourceVersion "1"]
[SourceVersionDate "2021.10.06"]
[SourceQuality "1"]

1. e4 d6 2. d4 Nf6 3. Bd3 g6 4. Ne2 Bg7 5. Nbc3 O-O 6. f3 c5 7. dxc5 dxc5 8. Be3 Nbd7 9. Qd2 a6 10. a4 Qc7 11. Nf4 e6 12. O-O b6 13. g4 Ne5 14. g5 Nfd7 15. h4 Nxd3 16. cxd3 Ne5 17. Qf2 Bb7 18. Kg2 Rfd8 19. Rfd1 Rd7 20. a5 bxa5 21. Na4 Rad8 22. Nxc5 Rd6 23. Rac1 Qb8 24. d4 Nc6 25. d5 Nb4 26. Nxb7 Qxb7 27. Bc5 R6d7 28. Bb6 Rb8 29. Bxa5 exd5 30. Bxb4 Qxb4 31. Nxd5 Qb7 32. b4 Rbd8 33. Qc5 Be5 34. Ne7+ Rxe7 35. Rxd8+ Kg7 36. Qc8 Qxc8 37. Rcxc8 f6 38. Rg8+ Kf7 39. Rcf8+ Ke6 40. Re8 Bc3 41. Rxe7+ Kxe7 42. Ra8 Bxb4 43. Rxa6 fxg5 44. hxg5 Bd2 45. Ra7+ Ke6 46. Rxh7 Bxg5 47. Kg3 Kf6 48. f4 1-0

[Event "Bayview Games Club #110"]
[Site "Toronto CAN"]
[Date "2007.11.12"]
[Round "2"]
[White "Armstrong, Robert J"]
[Black "Kurkowski, Ken"]
[Result "0-1"]
[WhiteElo "1818"]
[BlackElo "1758"]
[PlyCount "122"]
[GameId "2160767910574446"]
[EventDate "2007.11.05"]
[EventType "tourn"]
[EventRounds "6"]
[EventCountry "CAN"]
[SourceTitle "EXT 2022"]
[Source "ChessBase"]
[SourceDate "2021.10.06"]
[SourceVersion "1"]
[SourceVersionDate "2021.10.06"]
[SourceQuality "1"]

1. d4 Nf6 2. c4 g6 3. Nc3 Bg7 4. e4 d6 5. f3 O-O 6. Be3 b6 7. Nge2 c5 8. d5 e6 9. Qd2 exd5 10. cxd5 Re8 11. g4 Nbd7 12. Ng3 Ne5 13. Be2 a6 14. h4 h5 15. gxh5 Nxh5 16. Nxh5 gxh5 17. Bg5 Bf6 18. O-O-O Ng6 19. Rdg1 Kh7 20. Bxf6 Qxf6 21. Rg5 Nf4 22. Rhg1 Bd7 23. Qe1 Rg8 24. Qg3 Qxc3+ 25. bxc3 Nxe2+ 26. Kb2 Nxg3 27. R1xg3 Rxg5 28. Rxg5 Kh6 29. f4 f6 30. Rg3 Re8 31. Re3 Rg8 32. e5 fxe5 33. fxe5 dxe5 34. Rxe5 Rg4 35. Re7 Bf5 36. Rb7 Rxh4 37. Rxb6+ Kg5 38. Rc6 Rh2+ 39. Kb3 Rd2 40. Rxc5 h4 41. Rc7 h3 42. Rg7+ Kf4 43. Rg1 h2 44. Rf1+ Kg4 45. c4 Be4 46. Kc3 Rxa2 47. Kb3 Re2 48. Kc3 h1=Q 49. Rxh1 Bxh1 50. d6 Re8 51. c5 Rd8 52. Kb4 Kf5 53. Ka5 Ra8 54. Kb6 Ke6 55. Kc7 a5 56. d7 a4 57. d8=Q Rxd8 58. Kxd8 a3 59. Kc7 a2 60. c6 Bxc6 61. Kxc6 a1=Q 0-1

[Event "Bayview Games Club #110"]
[Site "Toronto CAN"]
[Date "2007.11.12"]
[Round "2"]
[White "Bokhout, Peter"]
[Black "Ferreira, Alex"]
[Result "1-0"]
[WhiteElo "2036"]
[BlackElo "1979"]
[PlyCount "65"]
[GameId "2160767910574447"]
[EventDate "2007.11.05"]
[EventType "tourn"]
[EventRounds "6"]
[EventCountry "CAN"]
[SourceTitle "EXT 2022"]
[Source "ChessBase"]
[SourceDate "2021.10.06"]
[SourceVersion "1"]
[SourceVersionDate "2021.10.06"]
[SourceQuality "1"]

1. d4 d5 2. c4 e5 3. dxe5 d4 4. Nf3 Nc6 5. Nbd2 Bg4 6. g3 Qd7 7. h3 Be6 8. a3 a5 9. b3 Nge7 10. Bg2 Ng6 11. Bb2 O-O-O 12. Ng5 Ngxe5 13. Nxe6 Qxe6 14. O-O f5 15. Nf3 Nxf3+ 16. Bxf3 Ne5 17. Bd5 Qh6 18. Bxd4 Nc6 19. Be3 Qxh3 20. Qc2 f4 21. Bxf4 Nd4 22. Qe4 Bc5 23. Bxb7+ Kb8 24. Ba6 Nxe2+ 25. Qxe2 Ka7 26. Bb5 g5 27. Be3 Rd4 28. Bxd4 Bxd4 29. Qf3 h5 30. Qg2 Qf5 31. Rad1 Bb6 32. Rd5 Qc2 33. b4 1-0

[Event "Bayview Games Club #110"]
[Site "Toronto CAN"]
[Date "2007.11.19"]
[Round "3"]
[White "Ferreira, Alex"]
[Black "Armstrong, Robert J"]
[Result "1-0"]
[WhiteElo "2023"]
[BlackElo "1818"]
[PlyCount "61"]
[GameId "2160767910574448"]
[EventDate "2007.11.05"]
[EventType "tourn"]
[EventRounds "6"]
[EventCountry "CAN"]
[SourceTitle "EXT 2022"]
[Source "ChessBase"]
[SourceDate "2021.10.06"]
[SourceVersion "1"]
[SourceVersionDate "2021.10.06"]
[SourceQuality "1"]

1. e4 g6 2. d4 Bg7 3. f4 d6 4. Be2 Nf6 5. e5 Ne4 6. Nd2 Nxd2 7. Bxd2 O-O 8. c3 c5 9. dxc5 dxe5 10. fxe5 Qc7 11. Be3 Rd8 12. Qa4 Qxe5 13. Kf2 Nc6 14. Nf3 Qc7 15. Rhf1 Bf5 16. Rad1 a6 17. Kg1 Ne5 18. Qf4 Nxf3+ 19. Bxf3 Be5 20. Qh4 Bc2 21. Rc1 Ba4 22. Qxa4 Bxh2+ 23. Kf2 Bg3+ 24. Ke2 Rd7 25. c6 b5 26. Qg4 Rdd8 27. Rcd1 Be5 28. Bd5 Bf6 29. Rh1 Rac8 30. Bxf7+ Kg7 31. Rxh7+ 1-0

[Event "Bayview Games Club #110"]
[Site "Toronto CAN"]
[Date "2007.11.19"]
[Round "3"]
[White "Kurkowski, Ken"]
[Black "Bokhout, Peter"]
[Result "1-0"]
[WhiteElo "1750"]
[BlackElo "2036"]
[PlyCount "67"]
[GameId "2160767910574449"]
[EventDate "2007.11.05"]
[EventType "tourn"]
[EventRounds "6"]
[EventCountry "CAN"]
[SourceTitle "EXT 2022"]
[Source "ChessBase"]
[SourceDate "2021.10.06"]
[SourceVersion "1"]
[SourceVersionDate "2021.10.06"]
[SourceQuality "1"]

1. e4 c5 2. Nf3 Nc6 3. Bb5 Qc7 4. Nc3 e6 5. Bxc6 bxc6 6. d4 cxd4 7. Qxd4 Ba6 8. Be3 c5 9. Qd2 d6 10. O-O-O Be7 11. Ng5 h6 12. Nh3 Nf6 13. f3 Rb8 14. g4 Qa5 15. g5 Qb4 16. b3 Nd7 17. f4 Nb6 18. Nb1 Qxe4 19. Qf2 Qf5 20. Qg3 Bb7 21. Rhg1 Be4 22. Na3 a5 23. gxh6 Rxh6 24. Nf2 g6 25. Nxe4 Rh3 26. Qg2 Rxe3 27. Nxd6+ Bxd6 28. Qc6+ Nd7 29. Qxd6 Rd8 30. Nb5 f6 31. Qc7 Qh5 32. Nd6+ Ke7 33. Nb7 Qh8 34. Qd6+ 1-0

[Event "Bayview Games Club #110"]
[Site "Toronto CAN"]
[Date "2007.11.26"]
[Round "4"]
[White "Kurkowski, Ken"]
[Black "Ferreira, Alex"]
[Result "0-1"]
[WhiteElo "1750"]
[BlackElo "2023"]
[PlyCount "96"]
[GameId "2160767910574450"]
[EventDate "2007.11.05"]
[EventType "tourn"]
[EventRounds "6"]
[EventCountry "CAN"]
[SourceTitle "EXT 2022"]
[Source "ChessBase"]
[SourceDate "2021.10.06"]
[SourceVersion "1"]
[SourceVersionDate "2021.10.06"]
[SourceQuality "1"]

1. e4 d5 2. exd5 Nf6 3. Nf3 Nxd5 4. d4 Bg4 5. h3 Bh5 6. c4 Nb6 7. Nc3 e6 8. Be2 c6 9. b3 Be7 10. O-O N8d7 11. Bb2 O-O 12. Re1 a5 13. Ne5 Bxe2 14. Qxe2 a4 15. Rad1 axb3 16. axb3 Bb4 17. d5 exd5 18. cxd5 Bxc3 19. Bxc3 Nxd5 20. Qg4 Nxe5 21. Rxe5 Qc8 22. Qg3 f6 23. Re4 Qf5 24. Rc4 Rad8 25. Re1 Rfe8 26. Rxe8+ Rxe8 27. Rg4 g6 28. Bd4 Kf7 29. Qd6 Qe6 30. Qxe6+ Rxe6 31. Kf1 h5 32. Rg3 Re4 33. Bb2 c5 34. Rd3 Ke6 35. f3 Re3 36. Rxe3+ Nxe3+ 37. Kg1 b5 38. Bc1 Nc2 39. Bb2 Ne3 40. Bc1 Nd5 41. Kf2 c4 42. bxc4 bxc4 43. Ke2 h4 44. Bd2 Ke5 45. Bc1 Nf4+ 46. Kf1 c3 47. Be3 c2 48. Bc1 Nd3 0-1

[Event "Bayview Games Club #110"]
[Site "Toronto CAN"]
[Date "2007.12.03"]
[Round "5"]
[White "Kurkowski, Ken"]
[Black "Armstrong, Robert J"]
[Result "0-1"]
[WhiteElo "1758"]
[BlackElo "1818"]
[PlyCount "76"]
[GameId "2160767910574451"]
[EventDate "2007.11.05"]
[EventType "tourn"]
[EventRounds "6"]
[EventCountry "CAN"]
[SourceTitle "EXT 2022"]
[Source "ChessBase"]
[SourceDate "2021.10.06"]
[SourceVersion "1"]
[SourceVersionDate "2021.10.06"]
[SourceQuality "1"]

1. e4 g6 2. d4 Bg7 3. Nc3 d6 4. Be3 Nf6 5. Qd2 O-O 6. O-O-O Nc6 7. Nf3 Ng4 8. Bg5 h6 9. Bh4 Qe8 10. h3 Nf6 11. Bg3 Nh5 12. Bh2 e5 13. dxe5 Nxe5 14. Be2 Nxf3 15. Bxf3 Nf6 16. Rhe1 Nh7 17. Nd5 Qb5 18. e5 Qa4 19. Ne7+ Kh8 20. Bd5 dxe5 21. Bxe5 c6 22. Nxg6+ fxg6 23. Bxg7+ Kxg7 24. Qc3+ Nf6 25. Re7+ Kh8 26. Rd4 Qb5 27. Rh4 h5 28. g4 Qxd5 29. Qe3 Qh1+ 30. Kd2 Qd5+ 31. Ke1 Qh1+ 32. Kd2 Qd5+ 33. Ke1 g5 34. Re5 Qh1+ 35. Kd2 Bxg4 36. Qxg5 Rad8+ 37. Kc3 Ne4+ 38. Rxe4 Qxe4 0-1

[Event "Bayview Games Club #110"]
[Site "Toronto CAN"]
[Date "2007.12.10"]
[Round "6"]
[White "Armstrong, Robert J"]
[Black "Ferreira, Alex"]
[Result "1-0"]
[WhiteElo "1818"]
[BlackElo "2023"]
[PlyCount "55"]
[GameId "2160767910574452"]
[EventDate "2007.11.05"]
[EventType "tourn"]
[EventRounds "6"]
[EventCountry "CAN"]
[SourceTitle "EXT 2022"]
[Source "ChessBase"]
[SourceDate "2021.10.06"]
[SourceVersion "1"]
[SourceVersionDate "2021.10.06"]
[SourceQuality "1"]

1. d4 d5 2. c4 e5 3. dxe5 d4 4. Nf3 Nc6 5. a3 Bg4 6. Nbd2 Qd7 7. b4 O-O-O 8. g3 h5 9. Bg2 h4 10. O-O Bh3 11. Qa4 hxg3 12. fxg3 Bxg2 13. Kxg2 Qh3+ 14. Kg1 Kb8 15. Rf2 f6 16. exf6 gxf6 17. Ne4 Qh7 18. Nc5 Bxc5 19. bxc5 Nge7 20. Qb3 d3 21. Bd2 Nf5 22. Rb1 b6 23. cxb6 axb6 24. Bf4 Kc8 25. c5 Ncd4 26. Qa4 b5 27. Rxb5 Nxb5 28. c6 1-0